000 00352 a2200109 4500
001 ART_46204
005 20260410161743.0
008 260409a
245 1 0 _aLas bases de la estructura del proceso laboral de la provincia de Buenos Aires
100 1 _aFormaro, Juan J.
773 0 _tDoctrina laboral
_g- N° 392 (abr. 2018)
_wREV4049
999 _c18960
_d18960